000 00422nam a2200145Ia 4500
008 220214s9999 xx 000 0 und d
022 _a0066-4227
245 0 _aANNUAL REVIEW OF MICROBIOLOGY
260 _bAnnual Reviews Inc., Palo Alto, California
_aUSA
310 _aA
500 _aEnding Volume & Year: 49, 1995
500 _aMissing Volume: 30;34;37;39-42
500 _aStarting Volume & Year: 23, 1969
942 _cBJ
999 _c3672
_d3672